People in Pictures with Richard Nixon - Statistics

General Stats
  • This quiz has been taken 181 times
  • The average score is 15 of 25
Answer Stats
Picture Hint Answer % Correct
United States Elvis Presley
96%
China Mao Zedong | Zhang Yufeng
94%
United Kingdom Elizabeth II
90%
United States Donald Trump
85%
United States Gerald Ford
81%
United States Neil Armstrong | Buzz Aldrin
77%
United States Henry Kissinger
75%
United States/China Jimmy Carter | Deng Xiaoping
72%
Soviet Union Leonid Brezhnev
69%
Soviet Union Nikita Khrushchev
68%
France Charles de Gaulle
66%
Spain Francisco Franco
66%
United States Dwight D. Eisenhower
65%
Israel Golda Meir
55%
Egypt Gamal Abdel Nasser
51%
Taiwan Chiang Kai-shek | Soong Mei-ling
47%
Philippines Ferdinand Marcos
46%
Vatican City Paul VI
42%
United States Spiro Agnew
41%
United States J. Edgar Hoover
39%
Indonesia Suharto
37%
West Germany Willy Brandt
37%
South Korea Park Chung-hee
29%
China Zhou Enlai
19%
United States Billy Graham
18%
No matching quizzes found
Score Distribution
Percent of People with Each Score
Percentile by Number Answered
Your Score History
You have not taken this quiz